Statistiques concernant Les 11 rappeurs à ne pas suivre - Mister V

Cliquez ici pour prendre le quiz!

Statistiques générales

  • Ce quiz a été pris 109 fois
  • Le résultat moyen est 3 sur 11

Statistiques - réponses

HintRéponse% Correct
8Invento
84%
2CSC
40%
5Kaiser
38%
1Lassmatic
28%
3Asmer
27%
9G-Lauque
26%
7Wann Take
15%
6Friidom
14%
11Faya Ganjah
13%
10Lil Yung Swag
7%
4Burry
5%

Distribution des résultats

Percentile par nombre de réponses

% des personnes avec chaque résultat

Votre développement - résultats

Vous n’avez pas pris ce quiz